[Event "Graz op-B"]
[Site "Graz"]
[Date "1999.??.??"]
[Round "7"]
[White "Krautwurst, Josef"]
[Black "Jahrer, Michael"]
[Result "1-0"]
[WhiteElo "1895"]
[BlackElo "1990"]
[PlyCount "57"]
[EventDate "1999.09.17"]
[EventType "swiss"]
[EventRounds "9"]
[EventCountry "AUT"]
[SourceTitle "EXT 2001"]
[Source "ChessBase"]
[SourceDate "2000.11.22"]
[SourceVersion "1"]
[SourceVersionDate "2000.11.22"]
[SourceQuality "1"]

1. d4 Nf6 2. Nf3 e6 3. c4 b6 4. Nc3 Bb7 5. Bg5 Be7 6. e3 0-0 7. Rc1 d6 8. Bd3 Nbd7 9. 0-0 Re8 10. Bb1 e5 11. d5 Nh5 12. Bxe7 Qxe7 13. h3 Rf8 14. Nh2 g6 15. g4 Ng7 16. f4 exf4 17. exf4 Qe3+ 18. Kh1 Qxh3 19. Rf3 Qh4 20. Qf1 Qd8 21. Qh3 Re8 22. Rg1 Nf8 23. Qh6 c6 24. f5 f6 25. g5 Re5 26. gxf6 Qxf6 27. fxg6 Rh5 28. gxh7+ Nxh7 29. Qxh5 1-0